ბათუმის შოთა რუსთაველის სახელმწიფო უნივერსიტეტის ბიბლიოთეკა

ბოტანიკა:(სამკურნალო მცენარეები) (ბიბ.ჩანაწერი № 43844)

000 -LEADER
fixed length control field 01427nam a2200229Ia 4500
001 - CONTROL NUMBER
control field 10592
003 - CONTROL NUMBER IDENTIFIER
control field GE_BSU
008 - FIXED-LENGTH DATA ELEMENTS--GENERAL INFORMATION
fixed length control field 181216s||||||||xx |||||||||||||| ||und||
040 ## - CATALOGING SOURCE
Transcribing agency GE_BSU
080 ## - UNIVERSAL DECIMAL CLASSIFICATION NUMBER
Universal Decimal Classification number 58(075.8)+633.888(075.8)+581.6:615.32(075.8)
100 ## - MAIN ENTRY--PERSONAL NAME
Personal name კუჭუხიძე,ჯუმბერ. ჯოხაძე,მალხაზ.
245 ## - TITLE STATEMENT
Title ბოტანიკა:(სამკურნალო მცენარეები)
245 ## - TITLE STATEMENT
Remainder of title სახ–ლო სახელმწ.სამედ.უნ–ტის ფარმაც.ფაკ–ტის და სხვა უმაღლ.სასწავლებლების ფარმაც.პროფ.სტუდენტებისათვის.
245 ## - TITLE STATEMENT
Statement of responsibility, etc. რედ.შოთა ჭანიშვილი.
260 ## - PUBLICATION, DISTRIBUTION, ETC.
Place of publication, distribution, etc. თბილისი
260 ## - PUBLICATION, DISTRIBUTION, ETC.
Date of publication, distribution, etc. 2012.
300 ## - PHYSICAL DESCRIPTION
Extent 375გვ;29სმ.
300 ## - PHYSICAL DESCRIPTION
Accompanying material სურ; საძიებელი გვ:335–369. ბიბლიოგრ.გვ:334.
653 ## - INDEX TERM--UNCONTROLLED
Uncontrolled term ბოტანიკა:(სამკურნალო მცენარეები):სახ–ლო სახელმწ.სამედ.უნ–ტის ფარმაც.ფაკ–ტის და სხვა უმაღლ.სასწავლებლების ფარმაც.პროფ.სტუდენტებისათვის.
942 ## - ADDED ENTRY ELEMENTS (KOHA)
Koha item type წიგნი
ეგზემპლარები
Withdrawn status Lost status Damaged status Not for loan Date acquired Barcode Date last seen Price effective from Koha item type
        2018-12-17 34465 2018-12-17 2018-12-17 წიგნი
        2018-12-17 34466 2018-12-17 2018-12-17 წიგნი
        2018-12-17 34464 2018-12-17 2018-12-17 წიგნი
        2018-12-17 34463 2018-12-17 2018-12-17 წიგნი